00841 a2200157 45000010006000000050017000060080041000230030015000640400040000790800122001192450078002412640046003193000019003655050274003841000025006585675320260407155831.0260407a1992 arg spa dAR-UNSa-BCEJYS aAR-UNSa-BCEJYSbspacAR-UNSa-BCEJYS a101.1xNaturaleza de la filosofía. La filosofía como ciencia. La filosofía como arte (pensamiento filosófico)10aEtica y poder en el fin de la HistoriapSiete conferencias de Filosofía 1aBuenos Aires :bCatálogos Editorac1992 a188 p.c20 cm. a1. La repetición – 2. La significación en filosofía. Husserl, primera investigación lógica – 3. Angustia y verdad en Heidegger – 4. Aproximación a Hegel – 5. Ética y poder – 6. El fin de la historia – 7. La muerte de Dios – 8. Indicaciones 1 aMaresca, Silvio Juan